LEADER 00882clm0-22003011i-450- 001 990007044660403321 005 20101215190609.0 010 $a0-19-453588-6 035 $a000704466 035 $aFED01000704466 035 $a(Aleph)000704466FED01 035 $a000704466 100 $a20020211d2001----km-y0itay50------ba 101 0 $aeng 102 $aGB 200 1 $aQuick placement test$epaper and pen test 210 $aOxford$cOxford University Press$d2001 215 $a1 v.$din contenitore, 31x22 cm$e1 floppy-disk 610 0 $aTest di profitto di lingua inglese 676 $a428.0076$v21$zita 712 02$aUniversity of Cambridge.$bLocal examinations syndicate 801 0$aIT$bUNINA$gRICA$2UNIMARC 901 $aBK 912 $a990007044660403321 952 $aXV Ib 398$b37946$fFSPBC 959 $aFSPBC 996 $aQuick placement test$9629641 997 $aUNINA LEADER 00843nam0-22002771i-450- 001 990004962570403321 005 19990530 035 $a000496257 035 $aFED01000496257 035 $a(Aleph)000496257FED01 035 $a000496257 100 $a19990530g19789999km-y0itay50------ba 101 0 $aita 105 $ay-------001yy 200 1 $aALFRED Döblin$e1878-1978$eEine Austellung des Deutschen Literaturarchivs im Schiller-Nationalmuseums, Marbach am Neckar$e[Katalog nr 30]$f[hrsg. von Bernhard Zeller] 205 $a2. unv. Aufl. 210 $aMnnchen$cKösel$d1978. 215 $a540 p.$d21 cm 702 1$aZeller,$bBernhard 801 0$aIT$bUNINA$gRICA$2UNIMARC 901 $aBK 912 $a990004962570403321 952 $aALPHA 3175$bBibl. 31328$fFLFBC 959 $aFLFBC 996 $aAlfred Döblin$9172681 997 $aUNINA LEADER 01399nam--2200421---450- 001 990000493240203316 005 20050614125951.0 010 $a88-7042-333-6 035 $a0049324 035 $aUSA010049324 035 $a(ALEPH)000049324USA01 035 $a0049324 100 $a20010605h----1984km-y0itay0103----ba 101 $aita 102 $aIT 105 $a||||||||001yy 200 1 $aPer una teoria del soggetto$emarxismo e psicoanalisi$edibattiti fra marxisti mittleuropei sul fattore soggettivo e sulla psicoanalisi, 1900-1933$fMarcella D'Abbiero 210 $aNapoli$cGuida$h1984 215 $a222 p.$d23 cm 225 2 $aEsperienze$v113 410 $12001$aEsperienze$v113 606 0 $aSoggetto $xConcezione marxista 606 0 $aPsicoanalisi e marxismo$z1900-1930 676 $a111. 700 1$aD'ABBIERO,$bMarcella$0159480 801 0$aIT$bsalbc$gISBD 912 $a990000493240203316 951 $aII.3. 468(IV E COLL. 4/113)$b136361 LM$cIV E COLL. 951 $aII.3. 468a(IV E COLL. 4/113 BIS)$b136491 LM$cIV E COLL. 959 $aBK 969 $aUMA 979 $aPATTY$b90$c20010605$lUSA01$h1113 979 $aPATTY$b90$c20010605$lUSA01$h1134 979 $c20020403$lUSA01$h1658 979 $aPATRY$b90$c20040406$lUSA01$h1634 979 $aCOPAT3$b90$c20050614$lUSA01$h1259 996 $aPer una teoria del soggetto$9490869 997 $aUNISA